| 000 | 00933nam a22002657a 4500 | ||
|---|---|---|---|
| 999 |
_c64039 _d64039 |
||
| 005 | 20240530110711.0 | ||
| 008 | 180205s2015 ua g 000 0 ara d | ||
| 017 |
_a2014/16750 _bمصر. دار الكتب |
||
| 020 | _a9789774991516 | ||
| 040 |
_aEG-CaGPL _cEG-CaGPL |
||
| 082 | 0 | 4 |
_221 _a303.48 / _bق/ م م |
| 100 | 0 | _aمحمود اسماعيل | |
| 245 | 1 | 2 |
_aالمصريون .. وسؤال الهوية / _cمحمود اسماعيل |
| 250 | _aط. 1 | ||
| 260 |
_aالقاهرة : _bرؤية للنشر و التوزيع، _c2015. |
||
| 300 |
_a198 ص. ؛ _c19 سم. |
||
| 650 | 0 | 7 |
_2qrmak _aالاحوال السياسية |
| 650 | 0 | 7 |
_2qrmak _aالحقوق السياسية |
| 650 | 0 | 7 |
_2qrmak _aالحقوق المدنية |
| 650 | 0 | 7 |
_2qrmak _aالتغير السياسى |
| 650 | 0 | 7 |
_2qrmak _aالتغير الاجتماعى |
| 651 | _2qrmak | ||
| 942 |
_2ddc _cBK |
||